000 00767nam a22002417a 4500
001 BR8107349
003 BR-BrBNA
005 20230928091114.0
007 ta
008 230509b bl.||||| |||| 00| 0 por d
040 _aBR-BrBNA
_bpor
_cBiblioteca Nacional de Agricultura
041 _a(Por)
072 _aD10; E30
_b/G514
090 _ D10 BR8107349
110 1 _aMinisterio da Agricultura, Brasilia, DF (Brasil). Secretaria de Controle Operacional
_96825
245 1 _aAvaliacao da administracao direta - 1. semestre de 1981 [Ministerio da Agricultura, Brasil]
260 3 _aBrasilia, DF (Brasil):
_c1981.
300 _a105 p.
650 _aADMINISTRACAO PUBLICA
650 _aPLANEJAMENTO AGRICOLA
909 _a202309
_bLucia
_c55
_dLucia Elande
942 _cBK
999 _c32254
_d32254